Statistics for Song Lyrics Translated to Spanish

Click here to take the quiz!

General Stats

  • This quiz has been taken 55 times
  • The average score is 3 of 15

Answer Stats

Spanish LyricsSong Title% Correct
Mamá, oo-oo-oo-oo / No quería hacerte llorar / Si no he regresado a esta hora mañanaBohemian Rhapsody
57%
Sí, mi mamá ella me dijo, "No te preocupes de tu tamaño" / Ella dice, "A los chicos les gusta un poco más pompis para agarrar durante la noche"All About That Bass
49%
Es fácil si intentas / Ningún infierno debajo de nosotros / Por encima de nosotros solamente el cieloImagine
36%
Hoy no tengo ganas de hacer nada / Sólo quiero acostarme en mi camaThe Lazy Song
36%
Porque si te gustaba entonces debías poner un anillo en ella / Si te gustaba entonces debías poner un anillo en ellaSingle Ladies
34%
Con las luces apagadas, es menos peligroso / Aquí estamos ahora, diviértenos / Me siento estúpido y contagioso / Aquí estamos ahora, diviértenosSmells Like Teen Spirit
28%
Alguien una vez me dijo que el mundo me va a rodar / No soy la herramienta más afilada en el cobertizoAll Star
19%
Déjame ver cómo es la primavera / En Júpiter y MarteFly Me To the Moon
19%
Algo me tocó profundamente en el interior / El día en que la música murióAmerican Pie
15%
Mi pompis está en tus labios, mi pompis está en tus labios / Y ese es el mensaje que les entregamos a los niños pequeñosThe Real Slim Shady
13%
Ay / Pues imagina / Mientras me estoy paseando por los bancos en el pasillo de una iglesia / Y no puedo dejar de escuchar / No, no puedo dejar de escuchar un intercambio de palabrasI Write Sins Not Tragedies
11%
No te preocupes de ninguna cosa / Porque cada cosita va a estar bienThree Little Birds
9%
¿Quién podría colgar un nombre en ti? / Cuando te cambias con cada día nuevo / Aún así te voy a extrañarRuby Tuesday
4%
Cásate conmigo chica sea mi hada para el mundo / Sea mi propia constelación / Una novia adolescente con un bebé por dentro / Drogándose de informaciónCalifornication
2%
Yo soy mi propia peor enemiga / Es malo cuando te fastidias a ti misma / Tan irritanteDon't Let Me Get Me
2%

Score Distribution

Percentile by Number Answered

Percent of People with Each Score

Your Score History

You have not taken this quiz